00289nam a2200109Ia 4500008004100000041001200041100001600053245008000069260000600149650000600155700001800161221030s9999 xx 000 0 und d aEnglish aN. D Bhatt 0aEngineering Drawing : Plane & Solid Geometrycby N. D Bhatt, Panchal, V. M c0 aB aPanchal, V. M